00978nab a22002177a 4500003000400000005001700004008004100021040000700062100002900069245015700098260007200255300001200327500003500339505010000374505008900474650001800563650001700581650001800598650002200616773012200638OSt20251209143437.0190502c xxu||||| |||| 00| 0 spa d cPJ aGarcía, Víctor Hugo 13aLa recepción del derecho penal alemán en la Argentina del siglo XIX. Diálogo y debate por las causas de justificación /cVíctor Hugo García. aCiudad Autónoma de Buenos Aires :bThomson Reuters La Ley,c2025. ap. 3-30 aCita Online: AR/DOC/2134/2025. aSumario: I. Introducción.— II. Primera parte.— III. Segunda parte.— IV. Conclusión.  t¿Te interesa el texto completo? Solicitalo al correo: koha@justierradelfuego.gov.ar 0aDERECHO PENAL 0aCULPABILIDAD 0aIMPUTABILIDAD 0aDERECHO COMPARADO0 02729dBuenos Aires : LexisNexis, 2006-tRevista de derecho penal y procesal penal. Nº 10 - Octubre 2025z9875920622